| 000 | 00914nam a2200217Ia 4500 | ||
|---|---|---|---|
| 003 | IN-BaIIA | ||
| 008 | 211028s9999 xx 000 0 eng d | ||
| 020 | _a0-8194-0193-5 | ||
| 040 | _cIIA Library | ||
| 080 |
_a535(082.1) _bSPI-1157 |
||
| 111 |
_aSociety of Photo-Optical Instrumentation Engineers Conference _cCalifornia _d1990 Aug. 7-9 _917940 |
||
| 245 | 0 |
_aInfrared technology _bXV, proceedings of the SPIE held in San Diago, California from 7-9 August , 1990 _cedited by Irving J. Spiro |
|
| 260 |
_aWashington _bSociety of Photo-Optical Instrumentation Engineers _c1989 |
||
| 300 | _axiii, 455p. | ||
| 490 | _aSPIE proceedings series; v. 1157 | ||
| 650 | _aAstronomy and Astrophysics Thesaurus | ||
| 650 |
_aInfrared technology _917941 |
||
| 700 |
_aSpiro, Irving J., ed. _917942 |
||
| 710 |
_aSociety of Photo-optical Instrumentation Engineers _917943 |
||
| 942 | _cBK | ||
| 999 |
_c10548 _d10548 |
||